U.S. License Plates Quiz - Statistics

General Stats
  • This quiz has been taken 124 times
    108 since last reset
  • The average score is 21 of 35
Answer Stats
Picture Answer % Correct
Hawaii
89%
Arizona
88%
Florida
85%
New York
85%
Idaho
81%
New Mexico
78%
Delaware
75%
New Jersey
74%
Georgia
72%
Colorado
71%
Minnesota
71%
Connecticut
69%
California
68%
Illinois
67%
North Carolina
64%
Kentucky
61%
Montana
61%
Alaska
58%
Maryland
57%
Massachusetts
57%
New Hampshire
57%
Iowa
56%
North Dakota
56%
Ohio
54%
Alabama
53%
Nevada
53%
Arkansas
50%
Louisiana
50%
Maine
47%
Michigan
46%
Indiana
42%
Kansas
42%
Mississippi
39%
Nebraska
39%
Missouri
36%
No matching quizzes found
Score Distribution
Percent of People with Each Score
Percentile by Number Answered
Your Score History
You have not taken this quiz since the last reset